| 000 | 00815cam a22001814a 4500 | ||
|---|---|---|---|
| 005 | 20250605163505.0 | ||
| 008 | 250528s ||||||||||||||||||||||||d | ||
| 035 | _a20380 | ||
| 020 | _a9602561408 | ||
| 040 |
_aGR-AtMCL _bgre _dGR-AtMCL _eAACR2 |
||
| 245 | 1 | _aΙστορία της Τέχνης / Η Τέχνη του Μεσαίωνα | |
| 260 |
_bΕξάντας, _c1993 |
||
| 300 | _a424 | ||
| 520 | _aΗ τέχνη του Μεσαίωνα: από την Άπω Ανατολή, τις Ινδίες και τους Τροπικούς μέχρι την τέχνη της Βυζαντινής Αυτοκρατορίας και του Ισλάμ, και το πέρασμα της σκυτάλης στους λαούς της Δυτικής Ευρώπης. | ||
| 942 | _cBK | ||
| 999 |
_c5495 _d5495 |
||